000 00325 a2200145 4500
001 47960
040 _cAnchieta - Aquarius
100 _aHeck, Lenira Almeida
240 1 0 _aO peixinho e o gato
_lpor
245 1 0 _aO peixinho e o gato
300 _a22
362 0 _a2005
650 4 _aLiteratura infanto-juvenil
942 _cBK
999 _c47960
_d47960